000 00754nam a2200253 i 4500
001 bgj
100 1 _aGoethe, Johann Wolfgang von
_d(1749-1832).
245 1 0 _aGoethe unser Zeitgenosse :
_büber Fremdes und Eignes /
_causgewählt von Siegfried Unseld.
246 1 0 _aLektüre zwischen den Jahren.
260 _aFrankfurt am Main :
_bInsel Verlag,
_c1993.
300 _a159, [1] s. ;
_c15 cm.
490 1 _aLektüre zwischen den Jahren
650 9 _aLiteratura niemiecka
700 1 _aUNSELD, Siegfried.
830 _aLektüre zwischen den Jahren
020 _a3458165320
040 _cBPK
041 0 _ager
044 _aDEU
080 _a821.112.2
920 _a3-458-16532-0
942 _cKS
008 s gw f |000 0 ger
999 _c50616
_d50616
856 _uhttp://koha.tu.koszalin.pl/cgi-bin/koha/opac-detail.pl?biblionumber=50616
_yKatalog online BPK